| 000 | 01339nam a2200241Ia 4500 | ||
|---|---|---|---|
| 000 | 02067naaa 00421uu | ||
| 001 | https://directory.doabooks.org/handle/20.500.12854/63622 | ||
| 005 | 20260218105714.0 | ||
| 008 | 211013s9999 xx 000 0 und d | ||
| 024 | _a10.1515/9783110668797 | ||
| 042 | _adc | ||
| 245 | 0 | _aFrom Memory to Marble : The historical frieze of the Voortrekker Monument Part II: The Scenes | |
| 260 |
_aBerlin/Boston _bDe Gruyter _c2020 |
||
| 300 | _a1 electronic resource (646 p.) | ||
| 520 | _aThe book is a rare case study of the dynamics, processes and shifts around the creation and reading of one of the world's major monuments, through all the processes of its design and making. The frieze which represents the Great Trek and Voortrekker occupation of South Africa (1835-52) is one of the largest of its kind. The key question is how, a century later, were eighteen years of Voortrekker memory transformed into a 92-metre marble frieze? | ||
| 540 | _aCreative Commons | ||
| 653 | _aVoortrekker Monument | ||
| 700 | 1 | _aMichael Schneider, Rolf | |
| 700 | 1 | _aRankin, Elizabeth | |
| 856 |
_uhttps://docs.google.com/spreadsheets/d/1yKIrdCPDAG_9c22mwoOIO2DOhtj65Wqa/edit?usp=sharing&ouid=106555315294820607512&rtpof=true&sd=true _yList of Curated E-Books |
||
| 942 | _cE-BOOK | ||
| 999 |
_c90015 _d90012 |
||